| 000 | 00415nam a2200181Ia 4500 | ||
|---|---|---|---|
| 001 | 1650 | ||
| 005 | 20260306143744.0 | ||
| 008 | 260306t2009||||xx |||||||||||||| ||spa|| | ||
| 041 | _aESP | ||
| 082 |
_a153.9 _bP52P |
||
| 100 |
_aPiaget, Jean _eAUT |
||
| 245 | 0 | _aLa psicologĂa de la inteligencia | |
| 260 | _c2009 | ||
| 300 |
_a197 páginas : _c |
||
| 650 | _aGEN | ||
| 654 | _aCPS | ||
| 942 |
_cLIB _dJUS _fJUS _2ddc _n |
||
| 999 |
_c1650 _d1650 |
||